000 00426nam a2200181Ia 4500
008 151202s9999||||xx |||||||||||||| ||und||
082 _bPNVM-55391
100 _aSHELDON SIDNEY.
245 _aMemories of midnight.
260 _b---
260 _c0
300 _a0
600 _aSHELDON SIDNEY.
630 _aMemories of midnight.
700 _aSHELDON SIDNEY.
730 _aMemories of midnight.
942 _cBOOK
999 _c1321929
_d1321926